000 01479cam a22004214i 4500
003 PE-LiUPU
005 20250731172917.0
008 150617s r 000 0 d
035 _a(Sirsi) a18937
040 _aPE-LiUPU
_bspa
_cPE-LiUPU
_erda
049 _aPRUA
082 0 4 _a262.8492
_bK64i
_223
100 1 _aKleine, Erwin,
_eautor.
245 1 4 _a¿La iglesia de Holanda contra Roma? /
_cErwin Kleine; Traducción del alemán por D. Eloy Requena.
264 1 _aMadrid :
_bSTVDIVM Ediciones,
_c1969.
300 _a163 páginas ;
_c19 centímetros.
336 _atext
_2rdacontent
337 _aunmediated
_2rdamedia
338 _avolume
_2rdacarrier
505 0 _aNo conformistas -- Un camino nuevo en un país nuevo -- Símbolo y alma -- Jerarcas - demócratas -- Cristianos en tiempo de crisis -- Sacerdotes de la crisis -- Dios en los signos -- La iglesia ante el único señor -- Al que la iglesia contempla a la expectativa.
526 _aSEG42
526 _aSEG41
526 _aSEG40
526 _aSEG39
526 _aP94
526 _aP87
526 _aP86
526 _aP85
526 _aP77
526 _aP76
526 _aP35
651 _aHolanda
_xHistoria eclesiástica.
910 _ajck
942 _2ddc
_cBK
949 _a262.8492 K61
_wDEWEY
_c1
_i09322
_lCCODEBUL1
_mBUL
_p00.00
_r0
_sY
_tBOOK
_u19930204
_xTEOLOGIA
_0COMPRA
_o.STAFF. Colección General
980 _81
_gALBERTO SANCHEZ Responsable de Automatización
999 _c18684
_d18684